[Event "Lesa op 1st"]
[Site "Lesa"]
[Date "2012.10.13"]
[Round "2"]
[White "Mazzaglia, Carmelo"]
[Black "Lachat, Martin"]
[Result "0-1"]
[WhiteElo "1440"]
[BlackElo "1684"]
[PlyCount "96"]
[EventDate "2012.10.12"]
[EventType "swiss"]
[EventRounds "5"]
[EventCountry "ITA"]
[SourceTitle "EXT 2015"]
[Source "ChessBase"]
[SourceDate "2014.11.20"]
[SourceVersion "1"]
[SourceVersionDate "2014.11.20"]
[SourceQuality "1"]

1. e4 c5 2. Nf3 d6 3. g3 Nf6 4. d3 g6 5. Bg2 Bg7 6. 0-0 0-0 7. c4 Nc6 8. a4 Ng4 9. h3 Nge5 10. Nxe5 Bxe5 11. Nc3 Bg7 12. Rb1 Nd4 13. Nd5 Bd7 14. b3 Bc6 15. Bg5 f6 16. Be3 f5 17. Bxd4 Bxd4 18. Nf4 Qd7 19. exf5 Bxg2 20. Nxg2 Qxf5 21. g4 Bxf2+ 22. Rxf2 Qxf2+ 23. Kh2 Rf3 24. Qe1 Qxe1 25. Nxe1 Rf2+ 26. Ng2 Raf8 27. Re1 e5 28. h4 Rd2 29. Re3 Rf4 30. g5 Rxh4+ 31. Kg3 Rh5 32. Nh4 Rxg5+ 33. Kf3 Rb2 34. Re4 Rxb3 35. Ke3 Ra3 36. Nf3 Rh5 37. Rg4 Rxa4 38. Ng5 h6 39. Ne4 Rh3+ 40. Rg3 Rxg3+ 41. Nxg3 Kf7 42. Ne4 Ke6 43. Kf3 Ra3 44. Ke3 a6 45. Kd2 b5 46. cxb5 axb5 47. Nc3 Rxc3 48. Kxc3 h5 0-1